[Event "TUR-chT 2nd League"]
[Site "Konya"]
[Date "2022.08.24"]
[Round "4.11"]
[White "Evin, Abdulkerim"]
[Black "Sahin, Senol"]
[Result "0-1"]
[WhiteElo "1342"]
[BlackElo "1894"]
[PlyCount "86"]
[EventDate "2022.08.22"]
[EventType "team-swiss"]
[EventRounds "9"]
[EventCountry "TUR"]
[SourceTitle "CBM 210 Extra"]
[Source "ChessBase"]
[SourceDate "2022.11.30"]
[SourceVersion "1"]
[SourceVersionDate "2022.11.30"]
[SourceQuality "1"]
[WhiteTeam "Bitlis Ihtisas Egitim"]
[BlackTeam "Mersin Altin Piyon"]
[WhiteTeamCountry "TUR"]
[BlackTeamCountry "TUR"]

1. e4 c5 2. Nf3 d6 3. d4 cxd4 4. Nxd4 Nf6 5. Bd3 g6 6. c3 Bg7 7. 0-0 0-0 8. Bg5 Nc6 9. Nf3 Be6 10. Re1 Rc8 11. Nbd2 Ng4 12. h3 Nge5 13. Bc2 Re8 14. Bb3 Nd3 15. Bxe6 fxe6 16. Re3 Nce5 17. Qb3 Nc5 18. Qa3 Rc6 19. b4 Ra6 20. Qb2 Na4 21. Qb3 Qd7 22. Rc1 b5 23. Bf4 Nxf3+ 24. Nxf3 Rc8 25. Ng5 Rc4 26. Nf3 Rac6 27. Nd2 Rxc3 28. Rcxc3 Bxc3 29. Nb1 Bb2 30. Rd3 Qc8 31. Be3 a6 32. g3 Rc4 33. f3 Kg7 34. a3 Bc1 35. Bxc1 Rxc1+ 36. Rd1 Rc2 37. Qd3 Nb2 38. Qd4+ e5 39. Qa7 Rc7 40. Qxc7 Qxc7 41. Rf1 Qc2 42. h4 Nc4 43. Kh1 Qe2 0-1

[Event "TUR-chT 2nd League"]
[Site "Konya"]
[Date "2022.08.23"]
[Round "3.4"]
[White "Kilicbay, Mustafa"]
[Black "Sahin, Senol"]
[Result "0-1"]
[WhiteElo "1918"]
[BlackElo "1894"]
[PlyCount "122"]
[EventDate "2022.08.22"]
[EventType "team-swiss"]
[EventRounds "9"]
[EventCountry "TUR"]
[SourceTitle "CBM 210 Extra"]
[Source "ChessBase"]
[SourceDate "2022.11.30"]
[SourceVersion "1"]
[SourceVersionDate "2022.11.30"]
[SourceQuality "1"]
[WhiteTeam "Istanbul Sisli"]
[BlackTeam "Mersin Altin Piyon"]
[WhiteTeamCountry "TUR"]
[BlackTeamCountry "TUR"]

1. e4 g6 2. d3 d5 3. Nd2 Nf6 4. e5 Ng4 5. d4 c5 6. Be2 h5 7. h3 Nh6 8. dxc5 h4 9. Ngf3 Nc6 10. 0-0 Bg7 11. Bb5 Nf5 12. Bxc6+ bxc6 13. Re1 a5 14. Nb3 Qc7 15. Nbd4 Nxd4 16. Qxd4 Bf5 17. Qa4 Rb8 18. c3 Be4 19. Nd4 0-0 20. f3 Bd3 21. Qxc6 Qd8 22. Rd1 Bc4 23. b3 Rc8 24. Qb7 Rb8 25. Qa7 Bb5 26. a4 Ra8 27. Qb6 Bd7 28. Qxd8 Rfxd8 29. Re1 Rdc8 30. Ba3 f6 31. e6 Be8 32. Rac1 Bh6 33. Rc2 Rab8 34. c6 Kf8 35. c4 Bxc6 36. c5 Bf4 37. Bb2 Be8 38. Rd1 g5 39. Bc1 Be5 40. Nb5 Bg6 41. Rcd2 Rxc5 42. Rxd5 Rcc8 43. Bxg5 Bc2 44. Bh6+ Ke8 45. f4 Bxd1 46. fxe5 Bxb3 47. exf6 exf6 48. Nd6+ Kd8 49. Nxc8+ Bxd5 50. e7+ Kd7 51. Na7 Kxe7 52. Bd2 Rg8 53. Bxa5 Bxg2 54. Kf2 Bxh3 55. Nb5 Bd7 56. Bb4+ Kd8 57. Nc3 Bc6 58. a5 Kd7 59. Ne2 Rg2+ 60. Kf1 Rxe2 61. Kxe2 h3 0-1

[Event "TUR-chT 2nd League"]
[Site "Konya"]
[Date "2022.08.22"]
[Round "1.9"]
[White "Sahin, Senol"]
[Black "Kolsuz, Umut"]
[Result "1-0"]
[WhiteElo "1894"]
[BlackElo "1486"]
[PlyCount "100"]
[EventDate "2022.08.22"]
[EventType "team-swiss"]
[EventRounds "9"]
[EventCountry "TUR"]
[SourceTitle "CBM 210 Extra"]
[Source "ChessBase"]
[SourceDate "2022.11.30"]
[SourceVersion "1"]
[SourceVersionDate "2022.11.30"]
[SourceQuality "1"]
[WhiteTeam "Mersin Altin Piyon"]
[BlackTeam "Hayat"]
[WhiteTeamCountry "TUR"]
[BlackTeamCountry "TUR"]

1. e4 c5 2. Nf3 d6 3. c3 Nf6 4. Be2 Nc6 5. d4 cxd4 6. cxd4 Nxe4 7. d5 Qa5+ 8. Nc3 Nxc3 9. bxc3 Nd8 10. 0-0 e6 11. Re1 Be7 12. c4 Bf6 13. Bd2 Qc7 14. Rb1 0-0 15. Ng5 b6 16. Rb3 h6 17. Ne4 Be5 18. f4 Bd4+ 19. Kh1 f5 20. Bb4 Bc5 21. Nxc5 dxc5 22. Bd2 exd5 23. cxd5 Nf7 24. Rg3 Nd6 25. Bc3 Ne4 26. d6 Qf7 27. Rxg7+ Qxg7 28. Bxg7 Nf2+ 29. Kg1 Nxd1 30. Bxf8 Kxf8 31. Bb5 Nc3 32. Re8+ Kf7 33. Bc6 Rb8 34. Re7+ Kf6 35. Re8 Bb7 36. Rxb8 Bxc6 37. Rc8 Bd7 38. Rh8 Ne2+ 39. Kf2 Nxf4 40. Rxh6+ Ke5 41. g3 Nd5 42. h4 Nf6 43. Kf3 Be8 44. Rh8 Kxd6 45. Kf4 Bd7 46. h5 c4 47. h6 Nd5+ 48. Kf3 b5 49. Rf8 c3 50. Ke2 c2 1-0

[Event "Izmir op 18th"]
[Site "Izmir"]
[Date "2019.09.06"]
[Round "8"]
[White "Guseynov, Alihan"]
[Black "Sahin, Senol"]
[Result "1-0"]
[WhiteElo "2326"]
[BlackElo "1886"]
[PlyCount "33"]
[EventDate "2019.09.02"]
[EventType "swiss"]
[EventRounds "9"]
[EventCountry "TUR"]
[SourceTitle "EXT 2020"]
[Source "ChessBase"]
[SourceDate "2019.10.17"]
[SourceVersion "1"]
[SourceVersionDate "2019.10.17"]
[SourceQuality "1"]

1. d4 Nf6 2. c4 g6 3. Nc3 Bg7 4. e4 d6 5. Be2 0-0 6. Bg5 c5 7. d5 h6 8. Bf4 e6 9. dxe6 Bxe6 10. Qd2 g5 11. Be3 Nc6 12. h4 Qa5 13. hxg5 hxg5 14. Bxg5 Ne5 15. Bxf6 Bxf6 16. Qh6 Nd3+ 17. Kf1 1-0

[Event "Izmir op 18th"]
[Site "Izmir"]
[Date "2019.09.06"]
[Round "7"]
[White "Sahin, Senol"]
[Black "Yilmaz, Turhan"]
[Result "1-0"]
[WhiteElo "1886"]
[BlackElo "2180"]
[PlyCount "99"]
[EventDate "2019.09.02"]
[EventType "swiss"]
[EventRounds "9"]
[EventCountry "TUR"]
[SourceTitle "EXT 2020"]
[Source "ChessBase"]
[SourceDate "2019.10.17"]
[SourceVersion "1"]
[SourceVersionDate "2019.10.17"]
[SourceQuality "1"]

1. e4 c5 2. c3 d5 3. exd5 Qxd5 4. d4 Nc6 5. Nf3 Bg4 6. Be2 e6 7. h3 Bh5 8. Na3 cxd4 9. Nb5 Qd7 10. Nbxd4 Nge7 11. 0-0 a6 12. Re1 Nxd4 13. Nxd4 Bxe2 14. Qxe2 Nd5 15. Bg5 h6 16. Qh5 g6 17. Qh4 Bg7 18. Bd2 g5 19. Qg3 0-0 20. Rad1 Qa4 21. h4 Bxd4 22. cxd4 Qxd4 23. hxg5 h5 24. g6 Qg4 25. gxf7+ Kxf7 26. Qb3 b5 27. f3 Qf5 28. Bc3 Rg8 29. Rd2 Rg5 30. Re5 Qxe5 31. Bxe5 Rxe5 32. Qd3 Rg8 33. Qd4 Reg5 34. Qa7+ Kf6 35. Qd4+ Kf7 36. Re2 R8g6 37. Qa7+ Kf6 38. Qb8 Kf7 39. Qd6 Kg7 40. Kh1 Kf7 41. Qd7+ Ne7 42. Rc2 Rd5 43. Qc7 h4 44. Rc5 Rd1+ 45. Kh2 Rd4 46. Rh5 Rg7 47. Rh6 Rc4 48. Qe5 Rc2 49. Qxe6+ Kf8 50. Rh8+ 1-0

[Event "TUR-chT Clubs"]
[Site "Konya"]
[Date "2019.07.21"]
[Round "9.8"]
[White "Celik, Berkay"]
[Black "Sahin, Senol"]
[Result "1-0"]
[WhiteElo "1876"]
[BlackElo "1922"]
[PlyCount "89"]
[EventDate "2019.07.16"]
[EventType "team-swiss"]
[EventRounds "9"]
[EventCountry "TUR"]
[SourceTitle "CBM 191 Extra"]
[Source "ChessBase"]
[SourceDate "2019.09.30"]
[SourceVersion "1"]
[SourceVersionDate "2019.09.30"]
[SourceQuality "1"]
[WhiteTeam "Akcakoca Esentepe Okulu"]
[BlackTeam "Sinop Kultur"]
[WhiteTeamCountry "TUR"]
[BlackTeamCountry "TUR"]

1. e4 e5 2. Nf3 Nf6 3. Nc3 Bb4 4. Nxe5 0-0 5. Nd3 Bxc3 6. dxc3 Nxe4 7. Be2 Re8 8. 0-0 c6 9. c4 d6 10. Bf3 Nd7 11. Bf4 Ndf6 12. Re1 Bf5 13. h4 d5 14. g4 dxc4 15. Ne5 Nd5 16. Bh2 Nxf2 17. Kxf2 Qb6+ 18. Kg2 Be6 19. Nxc4 Qb4 20. Ne3 Nxe3+ 21. Rxe3 Rad8 22. Qe1 Qxb2 23. Qc3 Rd2+ 24. Qxd2 Qxa1 25. a3 Qf6 26. Qe1 h5 27. Be5 Qg6 28. Be4 Bd5 29. Bxd5 cxd5 30. Qe2 hxg4 31. Qd3 Qh6 32. Kg3 Rc8 33. Bf4 Qc6 34. c3 Qd7 35. Re5 Rc5 36. c4 Qc6 37. Rxd5 f5 38. Rxc5 Qxc5 39. Qd5+ Qxd5 40. cxd5 b5 41. Bc7 Kf7 42. h5 Ke8 43. Kf4 Kd7 44. Be5 a5 45. Bxg7 1-0

[Event "TUR-chT Clubs"]
[Site "Konya"]
[Date "2019.07.17"]
[Round "3.15"]
[White "Agurlu, Fatih Selami"]
[Black "Sahin, Senol"]
[Result "1-0"]
[WhiteElo "1592"]
[BlackElo "1922"]
[PlyCount "57"]
[EventDate "2019.07.16"]
[EventType "team-swiss"]
[EventRounds "9"]
[EventCountry "TUR"]
[SourceTitle "CBM 191 Extra"]
[Source "ChessBase"]
[SourceDate "2019.09.30"]
[SourceVersion "1"]
[SourceVersionDate "2019.09.30"]
[SourceQuality "1"]
[WhiteTeam "Tokat Ozgem Grup"]
[BlackTeam "Sinop Kultur"]
[WhiteTeamCountry "TUR"]
[BlackTeamCountry "TUR"]

1. e4 c5 2. Nf3 d6 3. d4 cxd4 4. Nxd4 Nf6 5. Nc3 g6 6. Be2 Bg7 7. Be3 Nc6 8. Qd2 Ng4 9. Bxg4 Bxg4 10. f3 Bd7 11. 0-0 0-0 12. Rad1 Ne5 13. b3 Rc8 14. Nce2 b5 15. h3 a6 16. Nf4 Nc6 17. Nde2 Bh6 18. Nd5 Bxe3+ 19. Qxe3 Be6 20. f4 Re8 21. Rf3 Bxd5 22. exd5 Nb8 23. f5 Rxc2 24. Nd4 Rc5 25. fxg6 hxg6 26. Rxf7 Kxf7 27. Rf1+ Kg8 28. Ne6 Qb6 29. Qh6 1-0

[Event "TUR-chT2"]
[Site "Konya"]
[Date "2018.07.14"]
[Round "8.8"]
[White "Vardar, Harun"]
[Black "Sahin, Senol"]
[Result "1-0"]
[WhiteElo "1832"]
[BlackElo "1912"]
[PlyCount "61"]
[EventDate "2018.07.10"]
[EventType "team-swiss"]
[EventRounds "9"]
[EventCountry "TUR"]
[SourceTitle "EXT 2019"]
[Source "ChessBase"]
[SourceDate "2018.10.10"]
[SourceVersion "1"]
[SourceVersionDate "2018.10.10"]
[SourceQuality "1"]
[WhiteTeam "Sakarya Buyuksehir"]
[BlackTeam "Sinop Kultur"]
[WhiteTeamCountry "TUR"]
[BlackTeamCountry "TUR"]

1. f4 Nf6 2. Nf3 g6 3. b3 Bg7 4. Bb2 0-0 5. e3 c5 6. Be2 d5 7. 0-0 a6 8. Qe1 Nc6 9. d3 d4 10. e4 Ng4 11. Na3 Bh6 12. Bc1 e5 13. Qg3 exf4 14. Bxf4 Bxf4 15. Qxf4 Ne3 16. Rfc1 b5 17. c4 b4 18. Nc2 Ng4 19. h3 Nf6 20. Qh6 Qe7 21. Ng5 Ne5 22. Rf1 Re8 23. Rf2 Bb7 24. Raf1 Ned7 25. e5 Qxe5 26. Bg4 Re6 27. Bxe6 fxe6 28. Re1 Qg3 29. Rxe6 Bxg2 30. Rxg2 Qf4 31. Re7 1-0

[Event "TUR-chT2"]
[Site "Konya"]
[Date "2018.07.13"]
[Round "6.13"]
[White "Sahin, Senol"]
[Black "Kazik, Oguz Kagan"]
[Result "0-1"]
[WhiteElo "1912"]
[BlackElo "1608"]
[PlyCount "100"]
[EventDate "2018.07.10"]
[EventType "team-swiss"]
[EventRounds "9"]
[EventCountry "TUR"]
[SourceTitle "EXT 2019"]
[Source "ChessBase"]
[SourceDate "2018.10.10"]
[SourceVersion "1"]
[SourceVersionDate "2018.10.10"]
[SourceQuality "1"]
[WhiteTeam "Sinop Kultur"]
[BlackTeam "Antalya Deniz Genclik"]
[WhiteTeamCountry "TUR"]
[BlackTeamCountry "TUR"]

1. Nf3 Nf6 2. c4 g6 3. Nc3 Bg7 4. g3 0-0 5. Bg2 d6 6. 0-0 Nc6 7. d3 e5 8. Rb1 h6 9. b4 Be6 10. b5 Ne7 11. Qc2 Qd7 12. Re1 Bh3 13. Bh1 Nh5 14. Nd2 c6 15. bxc6 bxc6 16. Ba3 f5 17. e3 g5 18. Qa4 f4 19. Nde4 Nf5 20. Bf3 g4 21. Nc5 dxc5 22. Bxc6 Qxd3 23. Bd5+ Kh8 24. Ne4 fxe3 25. Bxc5 Nd4 26. Bxd4 exf2+ 27. Bxf2 Qf3 28. Nf6 Qxf6 29. Be3 Rab8 30. Qc2 a6 31. Be4 Qe7 32. c5 Nf6 33. Rxb8 Rxb8 34. Bf5 Qc7 35. c6 Nd5 36. Bf2 Nb4 37. Qb1 Qxc6 38. Be4 Qb5 39. Qb3 Qa5 40. a3 Nc6 41. Qf7 Nd4 42. Rb1 Nf3+ 43. Kh1 Rxb1+ 44. Bxb1 Qa4 45. Qd5 Qxa3 46. Qd8+ Qf8 47. Qd5 Ng5 48. Kg1 Qf3 49. Qd8+ Bf8 50. Bd3 Qg2# 0-1

[Event "TUR-chT2"]
[Site "Konya"]
[Date "2017.07.15"]
[Round "9.7"]
[White "Sahin, Senol"]
[Black "Ozdemir, Serhan Berat"]
[Result "1-0"]
[WhiteElo "1926"]
[BlackElo "1854"]
[PlyCount "111"]
[EventDate "2017.07.09"]
[EventType "team-swiss"]
[EventRounds "9"]
[EventCountry "TUR"]
[SourceTitle "CBM 179 Extra"]
[Source "ChessBase"]
[SourceDate "2017.08.23"]
[SourceVersion "1"]
[SourceVersionDate "2017.08.23"]
[SourceQuality "1"]
[WhiteTeam "Onay"]
[BlackTeam "Genclik Merkezi Genc"]
[WhiteTeamCountry "TUR"]
[BlackTeamCountry "TUR"]

1. Nf3 c5 2. c4 Nf6 3. Nc3 d5 4. cxd5 Nxd5 5. e3 Nc6 6. d4 cxd4 7. exd4 g6 8. Qb3 Nxc3 9. bxc3 Bg7 10. Be2 0-0 11. 0-0 Qc7 12. Bg5 Be6 13. Qa3 Rfe8 14. Rac1 Na5 15. Bb5 Nc4 16. Qb4 a5 17. Qa4 Rec8 18. Rfe1 Nb6 19. Qd1 Rd8 20. c4 h6 21. Bh4 g5 22. Bg3 Qc8 23. d5 Bf6 24. Rxe6 fxe6 25. Qc2 Nxd5 26. Qg6+ Bg7 27. Ne5 Rf8 28. Bd7 Rf6 29. Qb1 Qc5 30. cxd5 Qxd5 31. Rd1 Rd8 32. Rxd5 exd5 33. Qxb7 Rd6 34. Ba4 Re6 35. h3 Bxe5 36. Bxe5 Rxe5 37. Bb3 Kg7 38. Qc7 Rd6 39. Qxa5 Kf6 40. g4 Rde6 41. Kg2 Rd6 42. Qa8 Kg7 43. Qe8 Rf6 44. Qb8 Re2 45. Bxd5 Rfxf2+ 46. Kg3 Rf8 47. Qb6 Rd2 48. Be4 Rf6 49. Qc7 Kf8 50. Bf5 Rdd6 51. a4 Rc6 52. Qd8+ Kf7 53. Bh7 Rc3+ 54. Kg2 Ke6 55. Bg8+ Rf7 56. Qb6+ 1-0

[Event "TUR-chT2"]
[Site "Konya"]
[Date "2017.07.14"]
[Round "8.10"]
[White "Tabak, Orcun Semi"]
[Black "Sahin, Senol"]
[Result "0-1"]
[WhiteElo "1701"]
[BlackElo "1926"]
[PlyCount "66"]
[EventDate "2017.07.09"]
[EventType "team-swiss"]
[EventRounds "9"]
[EventCountry "TUR"]
[SourceTitle "CBM 179 Extra"]
[Source "ChessBase"]
[SourceDate "2017.08.23"]
[SourceVersion "1"]
[SourceVersionDate "2017.08.23"]
[SourceQuality "1"]
[WhiteTeam "Altin Piyon"]
[BlackTeam "Onay"]
[WhiteTeamCountry "TUR"]
[BlackTeamCountry "TUR"]

1. d4 Nf6 2. c4 g6 3. Nc3 Bg7 4. e4 d6 5. Nf3 0-0 6. Be2 e5 7. d5 a5 8. Bg5 h6 9. Be3 Ng4 10. Bd2 f5 11. h3 Nf6 12. exf5 gxf5 13. Qc1 f4 14. g3 e4 15. Nh4 e3 16. fxe3 fxg3 17. Ng6 Re8 18. Qc2 Na6 19. Rg1 Nb4 20. Qb1 Ne4 21. Nxe4 Bf5 22. Rxg3 Bxe4 23. Qc1 Nc2+ 24. Kd1 Nxa1 25. Qxa1 Kh7 26. Nf4 Be5 27. Bf3 Bf5 28. Bg4 Qf6 29. Nh5 Bxg4+ 30. Rxg4 Qf1+ 31. Be1 Qd3+ 32. Kc1 Rf8 33. Rg1 Qxe3+ 0-1

[Event "Cesme op 2nd"]
[Site "Cesme"]
[Date "2014.06.14"]
[Round "1"]
[White "Sahin, Senol"]
[Black "Magalashvili, Davit"]
[Result "0-1"]
[WhiteElo "2008"]
[BlackElo "2515"]
[PlyCount "96"]
[EventDate "2014.06.14"]
[EventType "swiss"]
[EventRounds "9"]
[EventCountry "TUR"]
[SourceTitle "CBM 160 Extra"]
[Source "ChessBase"]
[SourceDate "2014.07.01"]
[SourceVersion "1"]
[SourceVersionDate "2014.07.01"]
[SourceQuality "1"]

1. Nf3 Nf6 2. c4 c5 3. Nc3 b6 4. e3 Bb7 5. b3 e6 6. Bb2 Be7 7. d4 cxd4 8. exd4 0-0 9. Bd3 d5 10. 0-0 Nc6 11. Qe2 dxc4 12. bxc4 Nb4 13. Bb1 Bxf3 14. gxf3 Rc8 15. Re1 Qxd4 16. Nd5 Qc5 17. Bxf6 Nxd5 18. Bxg7 Kxg7 19. cxd5 Bf6 20. Qe4 Rg8 21. dxe6 Bxa1 22. exf7 Kxf7+ 23. Kh1 Rg6 24. Qh4 Bg7 25. Bxg6+ hxg6 26. Qe4 Qf5 27. Qb7+ Kg8 28. Kg2 Qg5+ 29. Kh1 Rc1 30. Rxc1 Qxc1+ 31. Kg2 Qg5+ 32. Kf1 Qb5+ 33. Kg2 a5 34. h4 a4 35. Qc8+ Kh7 36. Qe6 Qc5 37. h5 Qg5+ 38. Kf1 Qxh5 39. Qxb6 Qxf3 40. Qe6 a3 41. Qc4 g5 42. Qc2+ Kh6 43. Qc4 Bf6 44. Qf7 g4 45. Qf8+ Kg5 46. Qg8+ Kf5 47. Qc8+ Ke4 48. Qc2+ Qd3+ 0-1

[Event "TUR-ch"]
[Site "Kemer"]
[Date "2012.02.02"]
[Round "7"]
[White "Sahin, Senol"]
[Black "Apaydin, Fethi"]
[Result "0-1"]
[WhiteElo "1924"]
[BlackElo "2213"]
[PlyCount "52"]
[EventDate "2012.01.29"]
[EventType "swiss"]
[EventRounds "10"]
[EventCountry "TUR"]
[SourceTitle "CBM 146 Extra"]
[Source "ChessBase"]
[SourceDate "2012.02.29"]
[SourceVersion "1"]
[SourceVersionDate "2012.02.29"]
[SourceQuality "1"]

1. e4 c5 2. c3 Nf6 3. e5 Nd5 4. d4 cxd4 5. Nf3 e6 6. Qxd4 Qc7 7. Nbd2 Nc6 8. Qe4 f5 9. exf6 Nxf6 10. Qh4 Ne5 11. Be2 Ng6 12. Qc4 Bd6 13. g3 0-0 14. Qd3 b6 15. Nc4 Bc5 16. b4 Be7 17. h4 d5 18. Na3 Ba6 19. b5 Bb7 20. h5 Ne5 21. Nxe5 Qxe5 22. Qd4 Qxd4 23. cxd4 Bb4+ 24. Kd1 Ne4 25. Rh2 Nc3+ 26. Ke1 Nxb5+ 0-1

[Event "TUR-ch"]
[Site "Kemer"]
[Date "2012.01.30"]
[Round "3"]
[White "Sahin, Senol"]
[Black "Kilic, Efe Mert"]
[Result "1-0"]
[WhiteElo "1924"]
[BlackElo "1616"]
[PlyCount "117"]
[EventDate "2012.01.29"]
[EventType "swiss"]
[EventRounds "10"]
[EventCountry "TUR"]
[SourceTitle "CBM 146 Extra"]
[Source "ChessBase"]
[SourceDate "2012.02.29"]
[SourceVersion "1"]
[SourceVersionDate "2012.02.29"]
[SourceQuality "1"]

1. Nf3 Nf6 2. c4 g6 3. Nc3 Bg7 4. e4 d6 5. d4 0-0 6. Be2 e5 7. Bg5 h6 8. Bh4 g5 9. dxe5 dxe5 10. Bg3 Qe7 11. Bxe5 Rd8 12. Qc2 Be6 13. Bg3 Nc6 14. 0-0 Nh5 15. Nd5 Bxd5 16. cxd5 Nxg3 17. hxg3 Ne5 18. Nd4 Ng6 19. Nf5 Qe5 20. b3 Bf8 21. Rac1 Rac8 22. Bg4 c6 23. Ne3 Rc7 24. Qb1 cxd5 25. Rxc7 Qxc7 26. Nxd5 Qe5 27. Qa1 Bc5 28. Qxe5 Nxe5 29. Bf5 Kg7 30. b4 Bb6 31. Kh2 Bd4 32. f4 Nc4 33. Rd1 Bb6 34. Bg4 Re8 35. e5 Ne3 36. Nxe3 Bxe3 37. Rd7 gxf4 38. e6 fxg3+ 39. Kxg3 Rf8 40. Bh5 Kf6 41. Bxf7 Rh8 42. Rxb7 Rc8 43. Kf3 Bg1 44. a4 Rc4 45. Bg8 Rc8 46. Rf7+ Kxe6 47. Rf8+ Kd7 48. Be6+ Kxe6 49. Rxc8 Kd5 50. b5 Bb6 51. Rh8 Kc5 52. Rxh6 Kb4 53. Rh4+ Kb3 54. Re4 Bd8 55. g4 Bf6 56. Re6 Bg5 57. a5 Bd8 58. b6 axb6 59. axb6 1-0

[Event "World Amateur-ch"]
[Site "Antalya"]
[Date "2011.10.07"]
[Round "6"]
[White "Ozveren, Ali Bulent"]
[Black "Sahin, Senol"]
[Result "1-0"]
[WhiteElo "1952"]
[BlackElo "1949"]
[PlyCount "61"]
[EventDate "2011.10.01"]
[EventType "swiss"]
[EventRounds "9"]
[EventCountry "TUR"]
[SourceTitle "CBM 144 Extra"]
[Source "ChessBase"]
[SourceDate "2011.10.28"]
[SourceVersion "1"]
[SourceVersionDate "2011.10.28"]
[SourceQuality "1"]

1. Nf3 Nf6 2. g3 g6 3. Bg2 Bg7 4. 0-0 d6 5. c4 0-0 6. Nc3 e5 7. d3 Nc6 8. h3 Re8 9. e4 Nd7 10. Bg5 f6 11. Be3 Ne7 12. d4 f5 13. exf5 Nxf5 14. Bg5 Bf6 15. Bxf6 Qxf6 16. Nd5 Qd8 17. g4 Ng7 18. Re1 c6 19. Nc3 exd4 20. Qxd4 Nc5 21. Rad1 Rxe1+ 22. Nxe1 Ne8 23. Qxc5 Be6 24. Qd4 Qa5 25. b3 h5 26. Qe3 Bf7 27. gxh5 Qxh5 28. Nf3 b5 29. cxb5 c5 30. Ng5 Rb8 31. Qe7 1-0

[Event "World Amateur-ch"]
[Site "Antalya"]
[Date "2011.10.06"]
[Round "5"]
[White "Akshat, Chandra"]
[Black "Sahin, Senol"]
[Result "1-0"]
[WhiteElo "1995"]
[BlackElo "1949"]
[PlyCount "45"]
[EventDate "2011.10.01"]
[EventType "swiss"]
[EventRounds "9"]
[EventCountry "TUR"]
[SourceTitle "CBM 144 Extra"]
[Source "ChessBase"]
[SourceDate "2011.10.28"]
[SourceVersion "1"]
[SourceVersionDate "2011.10.28"]
[SourceQuality "1"]

1. e4 e5 2. Nf3 Nc6 3. Bb5 a6 4. Ba4 Nf6 5. 0-0 b5 6. Bb3 Bc5 7. Nxe5 Nxe5 8. d4 Bxd4 9. Qxd4 d6 10. f4 c5 11. Qc3 Neg4 12. h3 c4 13. hxg4 Nxg4 14. Qg3 h5 15. f5 Qb6+ 16. Kh1 Bb7 17. Nc3 0-0-0 18. a4 cxb3 19. axb5 bxc2 20. bxa6 Bxa6 21. Nd5 Qb7 22. Rxa6 Kd7 23. Qxd6+ 1-0

[Event "World Amateur-ch"]
[Site "Antalya"]
[Date "2011.10.04"]
[Round "4"]
[White "Sahin, Senol"]
[Black "Bilguun, Sumiya"]
[Result "1-0"]
[WhiteElo "1949"]
[BlackElo "1976"]
[PlyCount "127"]
[EventDate "2011.10.01"]
[EventType "swiss"]
[EventRounds "9"]
[EventCountry "TUR"]
[SourceTitle "CBM 144 Extra"]
[Source "ChessBase"]
[SourceDate "2011.10.28"]
[SourceVersion "1"]
[SourceVersionDate "2011.10.28"]
[SourceQuality "1"]

1. Nf3 c5 2. c4 Nf6 3. Nc3 e6 4. g3 b6 5. Bg2 Bb7 6. 0-0 d6 7. d4 cxd4 8. Qxd4 a6 9. Be3 Nbd7 10. Rfd1 Be7 11. Rac1 Rc8 12. b4 e5 13. Qh4 Ne4 14. Qg4 h5 15. Qh3 Nef6 16. Nd2 d5 17. Nxd5 Bxd5 18. cxd5 Bxb4 19. Qf5 0-0 20. Bg5 Bxd2 21. Bxd2 g6 22. Qb1 Nc5 23. Bh6 Re8 24. Bh3 Rb8 25. Bg5 Qd6 26. f3 Nh7 27. Be3 Re7 28. Rc4 Nf6 29. Bg5 Reb7 30. e4 Ne8 31. Qc2 Rc7 32. Rc1 Rbb7 33. Be3 Nd7 34. Rc6 Qa3 35. Qb3 Qxb3 36. axb3 Nc5 37. b4 Nd3 38. Rxc7 Nxc7 39. Bc8 Nxc1 40. Bxb7 Ne2+ 41. Kf2 Nd4 42. Bg5 Ndb5 43. Bf6 Nd6 44. Bxe5 Nxb7 45. Bxc7 a5 46. b5 a4 47. Bxb6 a3 48. e5 Kf8 49. Ke2 a2 50. Bd4 Na5 51. Kd3 Nb3 52. Bb2 Ke7 53. Kc2 Nc5 54. Bd4 Kd7 55. Kb2 Nd3+ 56. Ka3 Ne1 57. Kxa2 Nxf3 58. Bc3 Nxh2 59. b6 Nf3 60. e6+ fxe6 61. dxe6+ Kxe6 62. b7 Kf5 63. b8Q g5 64. Qb7 1-0

[Event "TUR-ch"]
[Site "Kemer"]
[Date "2011.02.06"]
[Round "3"]
[White "Sahin, Senol"]
[Black "Sanal, Vahap"]
[Result "0-1"]
[WhiteElo "1971"]
[BlackElo "2206"]
[PlyCount "58"]
[EventDate "2011.02.05"]
[EventType "swiss"]
[EventRounds "10"]
[EventCountry "TUR"]
[SourceTitle "CBM 140 Extra"]
[Source "ChessBase"]
[SourceDate "2011.03.01"]
[SourceVersion "1"]
[SourceVersionDate "2011.03.01"]
[SourceQuality "1"]

1. e4 c5 2. c3 d5 3. exd5 Qxd5 4. d4 Nf6 5. Nf3 e6 6. Be2 Nc6 7. 0-0 Be7 8. Na3 0-0 9. Nb5 Qd8 10. Bf4 a6 11. Na3 Nd5 12. Bc1 cxd4 13. Nxd4 Bxa3 14. Nxc6 bxc6 15. c4 Qf6 16. cxd5 exd5 17. Rb1 Bd6 18. b4 Re8 19. Bd3 Qh4 20. g3 Qh3 21. Qc2 Bg4 22. f3 Bd7 23. Bb2 a5 24. a3 axb4 25. axb4 Ra2 26. Rf2 Bxb4 27. Bf1 Qf5 28. Bd3 Qh5 29. Qb3 Bc5 0-1

[Event "TUR-ch"]
[Site "Kemer"]
[Date "2011.02.05"]
[Round "1"]
[White "Firat, Burak"]
[Black "Sahin, Senol"]
[Result "1-0"]
[WhiteElo "2392"]
[BlackElo "1971"]
[PlyCount "61"]
[EventDate "2011.02.05"]
[EventType "swiss"]
[EventRounds "10"]
[EventCountry "TUR"]
[SourceTitle "CBM 140 Extra"]
[Source "ChessBase"]
[SourceDate "2011.03.01"]
[SourceVersion "1"]
[SourceVersionDate "2011.03.01"]
[SourceQuality "1"]

1. e4 d5 2. exd5 Qxd5 3. Nc3 Qd6 4. d4 Nf6 5. Nf3 g6 6. g3 Bg7 7. Bg2 Qa6 8. Bf4 Bf5 9. Ne5 c6 10. Qd2 0-0 11. 0-0-0 Nd5 12. Bxd5 cxd5 13. Nxd5 Qxa2 14. Nxe7+ Kh8 15. Qc3 Be6 16. d5 Bh3 17. Qa3 Qxa3 18. bxa3 g5 19. d6 gxf4 20. d7 Nc6 21. N7xc6 bxc6 22. d8Q Raxd8 23. Rxd8 Bg2 24. Rhd1 Bd5 25. Rxf8+ Bxf8 26. Kb2 f3 27. c4 Be6 28. Kb3 Bc5 29. Nxf3 Bxf2 30. Ng5 Bg4 31. Rf1 1-0

[Event "Antakya op"]
[Site "Antakya"]
[Date "2010.07.16"]
[Round "2"]
[White "Sahin, Senol"]
[Black "Abbasov, Farid"]
[Result "0-1"]
[WhiteElo "1953"]
[BlackElo "2549"]
[PlyCount "64"]
[EventDate "2010.07.15"]
[EventType "swiss"]
[EventRounds "9"]
[EventCountry "TUR"]
[SourceTitle "CBM 137 Extra"]
[Source "ChessBase"]
[SourceDate "2010.09.01"]
[SourceVersion "1"]
[SourceVersionDate "2010.09.01"]
[SourceQuality "1"]

1. Nf3 Nf6 2. c4 g6 3. Nc3 Bg7 4. e4 d6 5. d4 0-0 6. Be2 e5 7. Bg5 h6 8. Bh4 exd4 9. Nxd4 c6 10. f3 Re8 11. Qd2 Nxe4 12. Nxe4 Qxh4+ 13. g3 Qe7 14. 0-0-0 Na6 15. Rhe1 Nc5 16. Bf1 Nxe4 17. Rxe4 Qf8 18. Rxe8 Qxe8 19. Re1 Qd8 20. f4 Bd7 21. Ne2 Be6 22. Nd4 Bd7 23. Ne2 Qb6 24. Nc3 Rd8 25. Ne4 h5 26. h3 Bf5 27. Nc3 d5 28. cxd5 cxd5 29. g4 Bxc3 30. Qxc3 Rc8 31. gxf5 Rxc3+ 32. bxc3 Qf2 0-1